الهندسة المالية الإسلامية : تأصيلها وضوابطها /
محفوظ في:
| المؤلف الرئيسي: | |
|---|---|
| مؤلفون آخرون: | |
| التنسيق: | أطروحة |
| اللغة: | Arabic |
| منشور في: |
Dimashq :
al-Jami'ah Dimashq,
2015
|
| الموضوعات: | |
| الوسوم: |
إضافة وسم
لا توجد وسوم, كن أول من يضع وسما على هذه التسجيلة!
|
| LEADER | 013420000a22003010004500 | ||
|---|---|---|---|
| 008 | 170111s2015 sy g 000 0 ara d | ||
| 040 | |a UIAM |b eng |e rda | ||
| 041 | |a ara | ||
| 084 | |a BPH253 | ||
| 100 | 1 | |a دكاش، مهند عبد المنعم | |
| 242 | 1 | 3 | |a al-Handasah al-maliyah al-Islamiyah : |b ta'siluha wa-dawabituha |
| 245 | 1 | 2 | |a الهندسة المالية الإسلامية : |b تأصيلها وضوابطها / |c إعداد، مهند عبد المنعم دكاش، إشراف، أحمد حسن |
| 264 | 1 | |a Dimashq : |b al-Jami'ah Dimashq, |c 2015 | |
| 300 | |a 289 pages ; |c 30 cm. | ||
| 336 | |2 rdacontent |a text | ||
| 337 | |2 rdamedia |a unmediated | ||
| 338 | |2 rdacarrier |a volume | ||
| 500 | |a "رسالة مقدمة لنيل درجة الماجستير في الفقة الإسلامي وأصوله." --On t.p. | ||
| 502 | |a Thesis (M.A.)--Jami'at Dimashq, 2015. | ||
| 504 | |a Includes bibliographical references (pages 273-287). | ||
| 596 | |a 1 | ||
| 650 | 0 | |a Legal maxims (Islamic law) | |
| 655 | |a Theses, Facsimile edition (Islamic) | ||
| 691 | |a Finance, Islamic | ||
| 700 | 1 | |a Dakkash, Muhannad 'Abd al-Mun'im | |
| 900 | |a nan-mni-sar-ros | ||
| 999 | |c 435898 |d 467777 | ||
| 952 | |0 0 |6 TI BPH 253 D35 2015 |7 0 |8 THESES |9 760816 |a IIUM |b IIUM |c MULTIMEDIA |g 0.00 |o ti BPH 253 D35 2015 |p 11100343062 |r 2018-03-09 |t 1 |v 0.00 |y THESIS | ||
